| 000 | 00824cim a2200313M 4500 | ||
|---|---|---|---|
| 001 | 77181 | ||
| 005 | 20230410130919.0 | ||
| 008 | 000214s2009 sp nnnng z n spa d | ||
| 035 | _a(OCoLC)ocn365081222 | ||
| 040 |
_aC3L _cC3L _dPL# _dI5B |
||
| 020 | _a9788423341580 | ||
| 020 | _a8423341585 | ||
| 029 | 0 |
_aC3L _b60673246 |
|
| 029 | 1 |
_aPL# _b090004608 |
|
| 035 | _a(OCoLC)365081222 | ||
| 043 | _acl----- | ||
| 050 | 1 | 4 |
_aPQ 7797 _bB732p 2009 |
| 049 | _aGRAL | ||
| 100 | 1 |
_aBorges, Jorge Luis, _d1899-1986. |
|
| 245 | 1 | 0 |
_aPoesía completa / _cJorge Luis Borges. |
| 260 |
_aBarcelona : _bDestino, _c2009. |
||
| 300 |
_a632 p. ; _c20 cm. |
||
| 440 | 0 | _aAncora y Delfín | |
| 500 | _aPoems. | ||
| 500 | _aBound. | ||
| 653 |
_aLiteratura moderna argentina _aSiglo XX. |
||
| 942 |
_2lcc _cbk |
||
| 994 |
_aC0 _bDRFGD |
||
| 999 |
_c82650 _d82650 |
||